| 000 | 00564nam a2200217Ia 4500 | ||
|---|---|---|---|
| 008 | 140626s9999 xx 000 0 und d | ||
| 100 | _aEllickson, Paul.. | ||
| 245 |
_aRepositioning dynamics and pricing strategy / _cPaul Ellickson ... [et al.]. |
||
| 260 | _cc2012. | ||
| 300 | _a49 : 6, page 750 | ||
| 440 | _aJournal of Marketing Research | ||
| 521 | _aBSBA | ||
| 650 | _aDynamic games. | ||
| 650 | _aEdlp. | ||
| 650 | _aPositioning. | ||
| 650 | _aPricing. | ||
| 650 | _aPromo. | ||
| 650 | _aSupermarkets. | ||
| 650 | _aWal-mart. | ||
| 942 | _cSE | ||
| 999 |
_c121064 _d121064 |
||